|
|
|
|
| LEADER |
00000nam0a2200000 4500 |
| 001 |
207597 |
| 005 |
20231101225417.0 |
| 035 |
|
|
|a (RuTPU)RU\TPU\book\226516
|
| 090 |
|
|
|a 207597
|
| 100 |
|
|
|a 20120126d1958 km y0rusy50 ca
|
| 101 |
0 |
|
|a rus
|
| 102 |
|
|
|a RU
|
| 105 |
|
|
|a y z 001zy
|
| 200 |
1 |
|
|a Многочлены , ортогональные на окружности и на отрезке. Оценки, асимптотические формулы, ортогональные ряды
|f Я. Л. Геронимус
|
| 210 |
|
|
|a Москва
|c Физматлит
|d 1958
|
| 215 |
|
|
|a 240 с.
|
| 225 |
1 |
|
|a Современные проблемы математики
|
| 320 |
|
|
|a Библиогр.: с. 237-240.
|
| 606 |
1 |
|
|a Ортогональные многочлены
|2 stltpush
|3 (RuTPU)RU\TPU\subj\68490
|9 83767
|
| 610 |
1 |
|
|a ортогональные полиномы
|
| 610 |
1 |
|
|a теория
|
| 610 |
1 |
|
|a многочлены
|
| 610 |
1 |
|
|a функции
|
| 610 |
1 |
|
|a ортогональные ряды
|
| 610 |
1 |
|
|a сходимость
|
| 610 |
1 |
|
|a таблицы
|
| 675 |
|
|
|a 517.53
|v 3
|
| 700 |
|
1 |
|a Геронимус
|b Я. Л.
|g Яков Лазаревич
|
| 801 |
|
1 |
|a RU
|b 63413507
|c 20120126
|
| 801 |
|
2 |
|a RU
|b 63413507
|c 20140116
|g RCR
|
| 942 |
|
|
|c BK
|